000 00434nam a22001457a 4500
005 20111201115525.0
020 _a0716665077
037 _aBlue Berry/Ven
_bDPL
245 _aWelcome to Childcraft :
_cThe how and why Library /
260 _aChicago
_bWorld Book, Inc.
_c2000
270 _a233 North Michigan Avenue
_bChicago
_eIL 60601 U.S.A.
300 _a32p.
_bcol.ill.
_c24cm.
942 _2ddc
_cEN
_mWEL
999 _c58875
_d58875